| 000 | 01152nam a2200349 i 4500 | ||
|---|---|---|---|
| 001 | 198366 | ||
| 003 | ES-MaACL | ||
| 005 | 20260525141500.0 | ||
| 007 | ta | ||
| 008 | 260525s1977 sp a|||| |||| 001 1 spa d | ||
| 017 |
_aM 34753-1977 _bOficina Depósito Legal Madrid |
||
| 020 | _a84-239-2025-9 | ||
| 040 |
_aES-MaACL _bspa _cES-MaACL _erda |
||
| 080 | _a821.134.2-19"19" | ||
| 100 | 1 |
_aLeón Felipe, _d1884-1968 _4aut _971613 _eaut |
|
| 245 | 1 | 0 |
_aObra poética escogida : _bprólogo y selección al cuidado de Gerardo Diego / _cLeón Felipe |
| 264 | 1 |
_aMadrid : _bEspasa-Calpe, _c1977 |
|
| 264 | 4 | _c©1975 | |
| 300 |
_a263 páginas : _bilustraciones (blanco y negro) ; _c18 cm |
||
| 336 |
_2rdacontent _aTexto |
||
| 337 |
_2rdamedia _asin mediación |
||
| 338 |
_2rdacarrier _avolumen |
||
| 490 | 0 |
_aSelecciones Austral. _pPoesía ; _v25 |
|
| 500 | _aRegistro provisional | ||
| 500 | _aÍndice | ||
| 655 | 4 |
_aPoesías _9176539 |
|
| 700 | 1 |
_aDiego, Gerardo, _d1896-1987 _4edc _4aui _944545 _ecom _eaui |
|
| 852 |
_aES-MaACL _cDES _jDB-195 _hDonación: J. Porto _xEncuadernación rústica |
||
| 942 |
_cMONOGRAFIA _n0 |
||
| 999 |
_c198366 _d198366 |
||